|
|
|
|
| LEADER |
00000naa a2200000 u 4500 |
| 001 |
PL0051209 |
| 003 |
PLI01000000000000000050959 |
| 005 |
00000000000000.0 |
| 008 |
||| u |
| 100 |
1 |
|
|a Leroy Ladurie, Emmanuel
|
| 245 |
0 |
0 |
|a Cultural exchanges
|b early fourteenth-century Montaillou
|c Emmanuel Le Roy Ladurie
|
| 260 |
|
|
|c 1981
|
| 696 |
|
|
|a Ladurie, Emmanuel Leroy
|
| 773 |
0 |
8 |
|t Literacy and social development in the West
|a ed. by Harvey J. Graff
|d Cambridge, 1981
|g P. 46-52
|k Cambridge studies in oral and literate culture
|w MPIPL_cat.PL0051207
|z 0-521-23954-0
|i In:
|
| 952 |
|
|
|j 1981
|h P. 46-52
|
| 996 |
|
|
|a Aufsatz
|
| 997 |
|
|
|a book chapter
|